Which U.S. State by Picture - Statistics

General Stats
  • This quiz has been taken 21 times
  • The average score is 11 of 15
Answer Stats
Picture Answer % Correct
South Dakota
100%
Arizona
93%
Hawaii
93%
Maine
93%
New York
93%
Washington
93%
Alaska
86%
California
86%
Missouri
86%
Utah
86%
Massachusetts
64%
Idaho
50%
Minnesota
43%
North Carolina
43%
Kansas
14%
No matching quizzes found
Score Distribution
Percent of People with Each Score
Percentile by Number Answered
Your Score History
You have not taken this quiz